000 00605nam a22001697a 4500
999 _c14725
_d14725
003 AR-CdUCM
008 190424b ||||| |||| 00| 0 spa d
040 _aMUNICIPALIDAD PROVINCIAL DEL CUSCO
_cBIBLIOTECA MUNICIPAL DEL CUSCO
082 _a050 /
_bC526 / 1980
245 _aBoletín de educación popular Chaski /
260 _aLima :
_bTarea,
_c1980.
300 _a68 páginas ;
_c20 cm.
440 _aChaski
_n14 - 15
_933596
505 _aConvocatoria del II taller de historietas -- El trabajo editorial de educación popular -- La organización del pueblo aymara
942 _2ddc
_cPP
945 _awfj